Politické zemětřesení
Hospodárska kríza v Bulharsku. Rast spotrebiteľských cien a pokles životnej úrovne. Očakávané opatrenia. Privatizačné opatrenia.
Saved in:
| Main Author: | |
|---|---|
| Format: | Book Chapter |
| Language: | Czech |
| Subjects: | |
| Tags: |
No Tags, Be the first to tag this record!
|
MARC
| LEADER | 00000naa a2200000 4500 | ||
|---|---|---|---|
| 001 | r026034 | ||
| 005 | 20230920093643.6 | ||
| 041 | 0 | |a cze | |
| 044 | |a CZ | ||
| 245 | 1 | 0 | |a Politické zemětřesení |c M. Milý |
| 520 | |a Hospodárska kríza v Bulharsku. Rast spotrebiteľských cien a pokles životnej úrovne. Očakávané opatrenia. Privatizačné opatrenia. | ||
| 610 | 2 | 0 | |a kríza hospodárska |
| 610 | 2 | 0 | |a situácia hospodárska |
| 610 | 2 | 0 | |a Bulharsko |
| 610 | 2 | 0 | |a ceny spotrebiteľské |
| 610 | 2 | 0 | |a úroveň životná |
| 610 | 2 | 0 | |a privatizácia |
| 100 | 1 | |a Milý, M. | |